Thyagaraja: saint and singer (Record no. 84899)
[ view plain ]
| 000 -LEADER | |
|---|---|
| fixed length control field | 00650cam a2200217 4500 |
| 001 - CONTROL NUMBER | |
| control field | sa 68013028 |
| 003 - CONTROL NUMBER IDENTIFIER | |
| control field | DLC |
| 005 - DATE AND TIME OF LATEST TRANSACTION | |
| control field | 20260227112618.0 |
| 008 - FIXED-LENGTH DATA ELEMENTS--GENERAL INFORMATION | |
| fixed length control field | 691110s1968 ii b 00010 eng |
| 010 ## - LIBRARY OF CONGRESS CONTROL NUMBER | |
| LC control number | sa 68013028 /MN/r883 |
| 025 ## - OVERSEAS ACQUISITION NUMBER | |
| Overseas acquisition number | PL480:I-E-9761 |
| 050 0# - LIBRARY OF CONGRESS CALL NUMBER | |
| Classification number | ML410.T98 |
| Item number | K8 |
| 082 0# - DEWEY DECIMAL CLASSIFICATION NUMBER | |
| Classification number | 784/.092/4 |
| Edition number | 19 |
| 100 10 - MAIN ENTRY--PERSONAL NAME | |
| Personal name | Krishnaswamy, S. Y. |
| Fuller form of name | (Sucheendrum Yegnanarayana), |
| Dates associated with a name | 1906- |
| 245 10 - TITLE STATEMENT | |
| Title | Thyagaraja: saint and singer |
| Statement of responsibility, etc. | [by] S. Y. Krishnaswamy. |
| 260 0# - PUBLICATION, DISTRIBUTION, ETC. | |
| Place of publication, distribution, etc. | Bombay, |
| Name of publisher, distributor, etc. | Orient Longmans |
| Date of publication, distribution, etc. | [1968] |
| 300 ## - PHYSICAL DESCRIPTION | |
| Extent | viii, 200 p. |
| Dimensions | 22 cm. |
| 350 ## - PRICE (NR) (BK AM CF MU VM SE) [OBSOLETE] | |
| Price | 8.00 |
| 504 ## - BIBLIOGRAPHY, ETC. NOTE | |
| Bibliography, etc. note | Bibliographical footnotes. |
| 600 00 - SUBJECT ADDED ENTRY--PERSONAL NAME | |
| Personal name | Tyāgarāja, |
| Titles and other words associated with a name | Swami, |
| Dates associated with a name | 1767-1847. |
No items available.